Бесплодная земля : (Record no. 522719)
[ view plain ]
| 000 -LEADER | |
|---|---|
| fixed length control field | 00953nam a2200217 a 4500 |
| 001 - CONTROL NUMBER | |
| control field | 000797892 |
| 003 - CONTROL NUMBER IDENTIFIER | |
| control field | AM-YEHGA |
| 005 - DATE AND TIME OF LATEST TRANSACTION | |
| control field | 20250617164401.0 |
| 008 - FIXED-LENGTH DATA ELEMENTS--GENERAL INFORMATION | |
| fixed length control field | 110323s1971 ru a r 000 1brus d |
| 040 ## - CATALOGING SOURCE | |
| Original cataloging agency | AM-YeHGA |
| 041 0# - LANGUAGE CODE | |
| Language code of text/sound track or separate title | rus |
| 090 ## - LOCALLY ASSIGNED LC-TYPE CALL NUMBER (OCLC); LOCAL CALL NUMBER (RLIN) | |
| -- | 526318 |
| 100 1# - MAIN ENTRY--PERSONAL NAME | |
| Personal name | Элиот, Томас Стирис |
| Dates associated with a name | 1888-1965 |
| 245 10 - TITLE STATEMENT | |
| Title | Бесплодная земля : |
| Remainder of title | Избранные стихотворения и поэмы / |
| Statement of responsibility, etc. | Т.С. Элиот ; Пер. с англ. А. Сергеева ; Предисл. Я. Засурского ; Ред. В. Муравьев. |
| 260 ## - PUBLICATION, DISTRIBUTION, ETC. | |
| Place of publication, distribution, etc. | Москва : |
| Name of publisher, distributor, etc. | Прогресс, |
| Date of publication, distribution, etc. | 1971. |
| 300 ## - PHYSICAL DESCRIPTION | |
| Extent | 188 с. : |
| Other physical details | граф. |
| 650 14 - SUBJECT ADDED ENTRY--TOPICAL TERM | |
| Topical term or geographic name entry element | Американская литература |
| General subdivision | Поэзия |
| -- | Модернизм |
| 700 1# - ADDED ENTRY--PERSONAL NAME | |
| Personal name | Сергеев, Андрей |
| Relator term | пер. |
| Relationship | trl |
| 700 1# - ADDED ENTRY--PERSONAL NAME | |
| Personal name | Засурский, Ясен Николаевич |
| Relator term | предисл. |
| Relationship | aui |
| 700 1# - ADDED ENTRY--PERSONAL NAME | |
| Personal name | Муравьев, В. |
| Relator term | ред. |
| Relationship | edt |
| Withdrawn status | Lost status | Damaged status | Not for loan | Collection | Home library | Current library | Date acquired | Total checkouts | Full call number | Barcode | Date last seen | Price effective from | Koha item type | Public note |
|---|---|---|---|---|---|---|---|---|---|---|---|---|---|---|
| Gagik Sargsyan Individual Collection | Fundamental Scientific Library | Fundamental Scientific Library | 21/01/2022 | ГСарг/721 | FL0664281 | 21/01/2022 | 21/01/2022 | Գրքեր / Books | ILL Non-Circ. |
ՀՀ Գիտությունների ազգային ակադեմիայի հիմնարար գիտական գրադարան = Fundamental Scientific Library of NAS RA
All site content, except where otherwise noted, is licensed under a